| 000 -Etiqueta do registo | |
|---|---|
| campo de controlo de comprimento fixo | 007070000a22002290004500 |
| 001 - Identificador do registo | |
| Campo de controlo | 37498 |
| 010 ## - ISBN | |
| Número (ISBN) | 978-989-99413-1-1 |
| 100 ## - Dados Gerais de Proc. | |
| Dados gerais de processamento | 20180709d2016 a y0pory5003 ba |
| 101 0# - Língua da publicação | |
| Língua do texto, banda sonora, etc. | Português |
| 102 ## - País de Publicação | |
| País de publicação | Portugal |
| 200 1# - Título | |
| Título próprio | A raposa Sebastiana |
| Primeira menção de responsabilidade | Beatriz Lamas Oliveira |
| 210 ## - Publicação, Distribuição | |
| Lugar da edição, distribuição, etc. | [Braga] |
| Nome do editor, distribuidor, etc. | Escrivaninha |
| Data da publicação, distribuição, etc. | 2016 |
| 215 ## - Descrição física | |
| Descrição física | 52 p. |
| Outras indicações físicas | il. color |
| 225 2# - Colecção | |
| Título próprio da colecção | Vida selvagem |
| 320 ## - Relativa a bibliografia | |
| Texto da nota | Bibliog. : p. 52 |
| 606 ## - Nome comum | |
| Koha Internal code | 2169 |
| Elemento de entrada | Literatura portuguesa |
| Subdivisão de assunto | Conto |
| 675 ## - CDU | |
| Notação | 087.5-053.5 |
| Edição | BN |
| Língua da edição | Português |
| 675 ## - CDU | |
| Notação | 821.134.3-34 |
| Edição | BN |
| Língua da edição | Português |
| 700 #1 - Responsabilidade principal | |
| Koha Internal Code | 34470 |
| Palavra de ordem | Oliveira |
| Outra parte do nome | Beatriz Lamas de |
| 090 ## - Números de controlo do sistema (Koha) | |
| Número biblioitem do Koha (gerado automaticamente) | 37498 |
| 942 ## - Elementos de entrada adicionados (Koha) | |
| Tipo de item no Koha | Monografias |
| Suprimido | Disponível no OPAC |
| 999 ## - Campo local | |
| Campo local | 37498 |
| Removido (estado) | Perdido (estado) | Data de aquisição | Origem do registo (biblioteca) (codificado) | Código da organização que empresta ou é detentora (biblioteca) | Código de barras | Local | Número de inventário | Cota | Tipo de circulação (não pode ser emprestado) | Tipo de item e material | Data de empréstimo ou depósito |
|---|---|---|---|---|---|---|---|---|---|---|---|
| Disponível | 2020-09-25 | Biblioteca EB23 D. Paio Peres Correia | Biblioteca EB23 D. Paio Peres Correia | BEBDPPC8834 | 8834 | 82-34 OLI | Normal | Monografias | |||
| Disponível | Disponível | 2018-07-09 | Biblioteca Municipal Álvaro de Campos | Biblioteca Municipal Álvaro de Campos | BMTAV57559 | Depósito | 57559 | MJ3 OLI-D | Normal | Monografias | |
| Disponível | Disponível | 2018-07-09 | Biblioteca Municipal Álvaro de Campos | Biblioteca Municipal Álvaro de Campos | BMTAV57560 | Sala Infantil | 57560 | MJ3 OLI | Normal | Monografias | 2019-03-30 |